|
|
|
|
| LEADER |
00000nab a2200000 a 4500 |
| 001 |
vtls000243587 |
| 003 |
SK-MaSNL |
| 005 |
20260304033045.0 |
| 008 |
111130c1986 xo 0 slo |
| 015 |
|
|
|a SNBRB19rr/mm-uuuuu
|
| 035 |
|
|
|a CL0253701
|
| 040 |
|
|
|a SNKBUCL
|b slo
|c SNKBUCL
|e AACR2
|
| 041 |
0 |
|
|a slo
|
| 044 |
|
|
|a xo
|c SK
|
| 080 |
|
|
|a 632.7:634.1/.7
|2 1981
|
| 080 |
|
|
|a 634.1/.7
|2 1981
|
| 080 |
|
|
|a 632.981
|2 1981
|
| 100 |
1 |
|
|a Matlák, Juraj
|4 aut
|9 7493
|
| 245 |
1 |
0 |
|a Mínujúci škodcovia ovocných drevín
|c J. Matlák
|
| 650 |
0 |
7 |
|a škodlivý hmyz
|2 snkbucl
|9 69809
|
| 650 |
0 |
7 |
|a ovocné dreviny
|2 snkbucl
|9 29477
|
| 655 |
|
7 |
|a články z novín a časopisov
|2 snkbucl
|9 267496
|
| 773 |
0 |
|
|t Záhradkár
|g Roč. 22, č. 4 (1986), s. 75
|
| 850 |
|
|
|a Slovenská národná knižnica v Martine
|a MTA001
|
| 852 |
|
|
|a SNK
|b KIS3GCP
|
| 958 |
|
|
|a RK
|
| 992 |
|
|
|a RBX
|
| 999 |
|
|
|c 2646439
|d 2648369
|